000 003410000a22001210004500
041 0 _aSPA
082 0 4 _aAV 0386
110 1 _aConsejo Episcopal Latinoamericano CELAM
245 1 0 _aLa dimensión misional en América Latina. El Documento de Puebla y la misión / Agnelo Rossi, Roger Aubry
300 _a38 Pág.
001 14497
942 _cBK
999 _c43357
_d43357